Catalog

Record Details

Catalog Search



Budování státu : československá politika v letech popřevratových. 1, Rok 1918 / Ferdinand Peroutka

Record details

  • Physical Description: 528 s.
  • Edition: 2. vyd.
  • Publisher: Praha : Borový, 1936

Available copies

  • 1 of 1 copy available at Common Catalog SPOK.

Holds

  • 0 current holds with 1 total copy.
Show Only Available Copies
Location Call Number / Copy Notes Barcode Shelving Location Status Due Date
Terezin Initiative Institute 4791 4594304791 Knihovna ITI Available -

LDR 00811cam a22002537a 4500
00127050
003CZ-PrJAB
00520220825131250.0
008960425s1936 xr ||||gr|||||||||0|cze|d
015 . ‡acnb000796067
035 . ‡a(CONS)1867
035 . ‡a(CZ PrSKC)pedf228569
035 . ‡a(OCoLC)84928906
040 . ‡aABD005 ‡bcze ‡cABD005 ‡dABD005
080 . ‡a32(437)"1918"
1001 . ‡aPeroutka, Ferdinand, ‡d1895-1978 ‡7jk01092591 ‡4aut
24510. ‡aBudování státu : ‡bčeskoslovenská politika v letech popřevratových. ‡n1, ‡pRok 1918 / ‡cFerdinand Peroutka
250 . ‡a2. vyd.
260 . ‡aPraha : ‡bBorový, ‡c1936
300 . ‡a528 s.
8524 . ‡bJACH-ITI ‡bJACH-ITI ‡cKnihovna ITI ‡j4791 ‡p4791 ‡y$0.00
910 . ‡aABE340 ‡b4791
995 . ‡askok
901 . ‡a27050 ‡bSystem ‡c27050 ‡tbiblio

Additional Resources